Statistiques concernant 10 principaux pays touchés par Covid-19 - 8 avril

Cliquez ici pour prendre le quiz!

Statistiques générales

  • Ce quiz a été pris 85 fois
  • Le résultat moyen est 10 sur 14

Statistiques - réponses

taux par
million
pays% Correct
1730France
99%
2306Italie
99%
Chine
97%
3170Espagne
97%
1314Etats-Unis
96%
1352Allemagne
88%
Royaume-Uni
79%
2690Suisse
64%
2019Belgique
62%
1289Portugal
59%
Iran
49%
1437Autriche
40%
1320Irlande
40%
Turquie
22%

Distribution des résultats

Percentile par nombre de réponses

% des personnes avec chaque résultat

Votre développement - résultats

Vous n’avez pas pris ce quiz